[Event "Valdepenas U1600 1st op"]
[Site "Valdepenas"]
[Date "2019.07.27"]
[Round "3.4"]
[White "Perez Manzanedo, Carlos"]
[Black "Carrilero Moya, Pablo"]
[Result "1-0"]
[WhiteElo "1539"]
[BlackElo "1251"]
[PlyCount "57"]
[EventDate "2019.07.27"]
[EventType "swiss (rapid)"]
[EventRounds "7"]
[EventCountry "ESP"]
[SourceTitle "EXT 2024"]
[Source "ChessBase"]
[SourceDate "2023.10.10"]
[SourceVersion "1"]
[SourceVersionDate "2023.10.10"]
[SourceQuality "1"]

1. e4 e5 2. Nf3 Nc6 3. Bc4 Bc5 4. c3 Nf6 5. d3 0-0 6. 0-0 d6 7. Bb3 Bg4 8. h3 Bh5 9. Re1 Re8 10. Nbd2 Qd7 11. Nf1 Bxf3 12. Qxf3 Na5 13. Bc2 Nc6 14. Ng3 Ne7 15. Bg5 Qe6 16. Bb3 d5 17. exd5 Nfxd5 18. Bxe7 Rxe7 19. Bxd5 Qb6 20. Re2 c6 21. Bb3 Rd8 22. Ne4 Rdd7 23. Nxc5 Qxc5 24. Rae1 Kf8 25. Qh5 h6 26. Rxe5 Rxe5 27. Qxe5 Qxe5 28. Rxe5 Rxd3 29. Kf1 1-0